000 00435 a2200169 4500
003 Nust
005 20170207153352.0
040 _cNust
082 _a005.1
100 _aAshraf , NC Imran BESE-04
245 _aImplementation and porting of MPEG-1
_cNC Imran Ashraf & NC Khurram Khurshid BESE-04
260 _bMCS
_cApril 2002
300 _a161p
538 _aAlmirah No 71 Shelf No 3
650 _aUG Projects
651 _aUG CS Projects
942 _cPRG
999 _c184613
_d184613